000 00589nam a2200241 a 4500
001 nice12345678
003 IN_TiNIC
005 20260116011701.0
008 050524s1912 lona grp 000 0 eng
020 _a
_c100
082 0 0 _a239
_bAND
100 _aAndrew, C F
245 _aRenaissance in India
_b Its Missionary Aspect
260 _aLondon
_bChurch Missionary Society
_c1912
300 _a310p
500 _aincludes index and biblioraphy
505 2 _aIndex
650 _aEvangelistic Work
700 1 _aAndrew, C F
902 _bSRS
942 _cBK
999 _c3390
_d3390